000 01164nam a2200265 i 4500
001 46096
003 ES-MaACL
005 20250828084000.0
007 t|
008 030327s1950 fr ||||1| fre d
111 2 _aConférence Internationale de l'Instruction Publique (
_n13ª.
_d1950.
_cGinebra)
_9147
245 1 2 _aL'enseignement des travaux manuels dans les ecoles secondaires /
_cconvoquée par l'Unesco et le B.I.E.
260 _aParis, etc. :
_bUNESCO,
_c1950.
300 _a162 p. ;
_c24 cm.
490 1 _aPublications du Bureau International d'Education ;
_v122
650 _aEducacion
_912073
655 0 _aConferencias
_9234444
710 2 0 _aOficina Internacional de Educación
_96022
830 0 _aPublications du Bureau International d'Education ;
_v122
_9181740
852 _aES-MaACL
_jD-6360
_bR.30304
_bR.M.5955
_947819
_cSVI
_fSello en tinta azul de la Biblioteca del Ateneo de Madrid.
_gAnotación manuscrita a lápiz en cubierta: "12".
_z"22.DIC.1950".
942 _2udc
_cMONOGRAFIA
999 _c46096
_d46096